ਨਾਮੋ ਨਾਥ ਪੂਰੇ / (Record no. 110892)

MARC details
000 -LEADER
fixed length control field 00866nam a22002537a 4500
005 - DATE AND TIME OF LATEST TRANSACTION
control field 20170123164159.0
010 ## - LIBRARY OF CONGRESS CONTROL NUMBER
LC control number B-052875
020 ## - INTERNATIONAL STANDARD BOOK NUMBER
Terms of availability 120.00
035 ## - SYSTEM CONTROL NUMBER
System control number B-052875
037 ## - SOURCE OF ACQUISITION
Stock number Cen Lib / Ret
040 ## - CATALOGING SOURCE
Original cataloging agency DPL
Language of cataloging PN
082 ## - DEWEY DECIMAL CLASSIFICATION NUMBER
Classification number 260
Item number ਬੇਅੰਤ
100 ## - MAIN ENTRY--PERSONAL NAME
Personal name ਬੇਅੰਤ ਕੌਰ
9 (RLIN) 132145
245 ## - TITLE STATEMENT
Title ਨਾਮੋ ਨਾਥ ਪੂਰੇ /
Statement of responsibility, etc ਬੇਅੰਤ ਕੌਰ
246 ## - VARYING FORM OF TITLE
Title proper/short title Namo nath poorey /
Remainder of title by Beant Kaur
260 ## - PUBLICATION, DISTRIBUTION, ETC. (IMPRINT)
Place of publication, distribution, etc ਦਿੱਲੀ
Name of publisher, distributor, etc ਆਰਸੀ ਪਬਲਿਸ਼ਰਜ਼
Date of publication, distribution, etc 2001
270 ## - ADDRESS
Address ਚਾਦਨੀ ਚੋਕ
City ਦਿੱਲੀ
Postal code 110006
300 ## - PHYSICAL DESCRIPTION
Extent 128p.
Other physical details 23cm(Hb)
650 ## - SUBJECT ADDED ENTRY--TOPICAL TERM
Topical term or geographic name as entry element ਸਿੱਖ ਧਰਮ
9 (RLIN) 1488
650 ## - SUBJECT ADDED ENTRY--TOPICAL TERM
Topical term or geographic name as entry element Sikhism
9 (RLIN) 3669
650 ## - SUBJECT ADDED ENTRY--TOPICAL TERM
Topical term or geographic name as entry element Sikh philosophy
9 (RLIN) 12954
650 ## - SUBJECT ADDED ENTRY--TOPICAL TERM
Topical term or geographic name as entry element ਸਿੱਖ ਫ਼ਲਸਫ਼ੇ
9 (RLIN) 132146
942 ## - ADDED ENTRY ELEMENTS (KOHA)
Source of classification or shelving scheme Dewey Decimal Classification
Koha item type Punjabi Bks
Classification part 260
Call number suffix ਬੇਅੰਤ
Holdings
Withdrawn status Lost status Damaged status Not for loan Home library Current library Date acquired Source of acquisition Cost, normal purchase price Total Checkouts Full call number Barcode Date last seen Copy number Cost, replacement price Price effective from Koha item type Source of classification or shelving scheme
        Central Library Central Library 10/02/2016 Cen Lib/Ret 120.00   260 ਬੇਅੰਤ B-052875 10/02/2016 1 120.00 10/02/2016 Punjabi Bks  
        Patel Nagar Patel Nagar 02/03/2019   120.00   260 ਬੇਅੰਤ B-052876 02/03/2019   120.00 02/03/2019 Punjabi Bks Dewey Decimal Classification

© Delhi Public Library
Hit Counter
free hit counter